ბათუმის შოთა რუსთაველის სახელმწიფო უნივერსიტეტის ბიბლიოთეკა

Основы конструирования. Кн.2. (ბიბ.ჩანაწერი № 46862)

000 -LEADER
fixed length control field 00516nam a2200193Ia 4500
001 - CONTROL NUMBER
control field 13714
003 - CONTROL NUMBER IDENTIFIER
control field GE_BSU
008 - FIXED-LENGTH DATA ELEMENTS--GENERAL INFORMATION
fixed length control field 181216s||||||||xx |||||||||||||| ||und||
040 ## - CATALOGING SOURCE
Transcribing agency GE_BSU
080 ## - UNIVERSAL DECIMAL CLASSIFICATION NUMBER
Universal Decimal Classification number 621.01.001.2
100 ## - MAIN ENTRY--PERSONAL NAME
Personal name Орлов,П.И.
245 ## - TITLE STATEMENT
Title Основы конструирования. Кн.2.
260 ## - PUBLICATION, DISTRIBUTION, ETC.
Place of publication, distribution, etc. М.
260 ## - PUBLICATION, DISTRIBUTION, ETC.
Name of publisher, distributor, etc. Машиностроение.
260 ## - PUBLICATION, DISTRIBUTION, ETC.
Date of publication, distribution, etc. 1972.
300 ## - PHYSICAL DESCRIPTION
Extent 525 стр. 27 см. с илл.
653 ## - INDEX TERM--UNCONTROLLED
Uncontrolled term Основы конструирования.
942 ## - ADDED ENTRY ELEMENTS (KOHA)
Koha item type წიგნი
ეგზემპლარები
Withdrawn status Lost status Damaged status Not for loan Date acquired Barcode Date last seen Price effective from Koha item type
        2018-12-17 10043 2018-12-17 2018-12-17 წიგნი